Dalrymple's Sales Management Concepts and Cases (Record no. 3604)

MARC details
000 -LEADER
fixed length control field 00369nam a2200145Ia 4500
008 - FIXED-LENGTH DATA ELEMENTS--GENERAL INFORMATION
fixed length control field 191201s2008 xx 000 0 und d
082 ## - DEWEY DECIMAL CLASSIFICATION NUMBER
Classification number 658.81
Item number CRD
100 ## - MAIN ENTRY--PERSONAL NAME
Personal name CRON, William L.
245 #0 - TITLE STATEMENT
Title Dalrymple's Sales Management Concepts and Cases
250 ## - EDITION STATEMENT
Edition statement Rep.
260 ## - PUBLICATION, DISTRIBUTION, ETC. (IMPRINT)
Place of publication, distribution, etc N.Delhi
Name of publisher, distributor, etc Wiley Dreautech India
Date of publication, distribution, etc 2008
300 ## - PHYSICAL DESCRIPTION
Extent 542
650 ## - SUBJECT ADDED ENTRY--TOPICAL TERM
Topical term or geographic name as entry element MBA
942 ## - ADDED ENTRY ELEMENTS (KOHA)
Source of classification or shelving scheme Dewey Decimal Classification
Koha item type Text Books
Holdings
Withdrawn status Lost status Source of classification or shelving scheme Damaged status Not for loan Collection code Home library Current library Date acquired Source of acquisition Cost, normal purchase price Bill Number Total Checkouts Full call number Acc. no. / Barcode Date last seen Bill Date Koha item type Date last borrowed Public note
    Dewey Decimal Classification     MBA PIET C-LIBRARY PIET C-LIBRARY 08/11/2008 J B C, New Delhi 329.00 SI-4132   658.81 CRD 10081 04/12/2019 18/10/2008 Text Books    
    Dewey Decimal Classification     MBA PIET C-LIBRARY PIET C-LIBRARY 08/11/2008 J B C, New Delhi 329.00 SI-4132 1 658.81 CRD 10082 25/11/2023 18/10/2008 Text Books 22/01/2022 .
    Dewey Decimal Classification     MBA PIET C-LIBRARY PIET C-LIBRARY 08/11/2008 J B C, New Delhi 329.00 SI-4132   658.81 CRD 10083 04/12/2019 18/10/2008 Text Books    
    Dewey Decimal Classification     MBA PIET C-LIBRARY PIET C-LIBRARY 08/11/2008 J B C, New Delhi 329.00 SI-4132   658.81 CRD 10084 04/12/2019 18/10/2008 Text Books    
    Dewey Decimal Classification     MBA PIET C-LIBRARY PIET C-LIBRARY 08/11/2008 J B C, New Delhi 329.00 SI-4132   658.81 CRD 10085 04/12/2019 18/10/2008 Text Books    
    Dewey Decimal Classification     MBA PIET C-LIBRARY PIET C-LIBRARY 08/11/2008 J B C, New Delhi 329.00 SI-4132   658.81 CRD 10086 04/12/2019 18/10/2008 Text Books    

Design & Developed by: PIET Central Library
R70 Miles Stone Pattikalyana Samalkha Panipat 132102
mail ID :- [email protected], Phone No:- 0180-2569700 Ex.216